| 000 | 01110nam a22003617a 4500 | ||
|---|---|---|---|
| 003 | CHAP | ||
| 005 | 20220329143732.0 | ||
| 008 | 110509s1986 mx a r 00010 spa d | ||
| 010 | _a101142 | ||
| 011 | _a102114 | ||
| 020 | _a9681504658 | ||
| 035 | _a112802 | ||
| 040 | _cCHAP | ||
| 082 | 0 | 4 |
_a615.32 _bM55 1986 |
| 100 | 1 |
_aMeráz, Oscar. _975014 |
|
| 245 | 1 | 0 |
_aCatarro y dolencias respiratorias _c/por Oscar Meráz |
| 250 | _a2 ed. | ||
| 260 |
_aMéxico, D.F. : _bEditores Mexicanos Unidos, _c1986 |
||
| 300 |
_a102 p. : _bilus. |
||
| 490 | _aNaturismo | ||
| 590 |
_aBATCH-UPD _b10 _c20130110 _lUCH01 _h1138 |
||
| 590 |
_aBATCH-UPD _b10 _c20130410 _lUCH01 _h0724 |
||
| 590 |
_aBATCH-UPD _b10 _c20130914 _lUCH01 _h0744 |
||
| 590 |
_aCONVERSION _b10 _c20130109 _lUCH01 _h1356 |
||
| 650 | 1 | 4 |
_aBotánica médica. _914680 |
| 650 | 1 | 4 |
_aMateria médica. _972929 |
| 650 | 1 | 4 |
_aMedicina tradicional. _973921 |
| 650 | 1 | 4 |
_aTerapéutica fisiológica. _9112346 |
| 830 |
_aNaturismo _980423 |
||
| 901 | _aBK | ||
| 942 | _cLIBRO | ||
| 949 |
_a615.32 M55 _bBC _cLIBRO _d33724002254587 _eLIBRO _f1982 _h114881 _i112802 _sb |
||
| 999 |
_c101142 _d101142 |
||